|
|
|
|
| LEADER |
04313nam a22003853i 4500 |
| 001 |
EBC6827718 |
| 003 |
MiAaPQ |
| 005 |
20231204023220.0 |
| 006 |
m o d | |
| 007 |
cr cnu|||||||| |
| 008 |
231204s2021 xx o ||||0 eng d |
| 020 |
|
|
|a 9789813349728
|q (electronic bk.)
|
| 020 |
|
|
|z 9789813349711
|
| 035 |
|
|
|a (MiAaPQ)EBC6827718
|
| 035 |
|
|
|a (Au-PeEL)EBL6827718
|
| 035 |
|
|
|a (OCoLC)1291318156
|
| 040 |
|
|
|a MiAaPQ
|b eng
|e rda
|e pn
|c MiAaPQ
|d MiAaPQ
|
| 050 |
|
4 |
|a HN25
|
| 100 |
1 |
|
|a Ng, Yew-Kwang.
|
| 245 |
1 |
0 |
|a Happiness--Concept, Measurement and Promotion.
|
| 250 |
|
|
|a 1st ed.
|
| 264 |
|
1 |
|a Singapore :
|b Springer Singapore Pte. Limited,
|c 2021.
|
| 264 |
|
4 |
|c ©2022.
|
| 300 |
|
|
|a 1 online resource (188 pages)
|
| 336 |
|
|
|a text
|b txt
|2 rdacontent
|
| 337 |
|
|
|a computer
|b c
|2 rdamedia
|
| 338 |
|
|
|a online resource
|b cr
|2 rdacarrier
|
| 505 |
0 |
|
|a Intro -- Preface -- References -- Contents -- About the Author -- 1 What is Happiness? Why is Happiness Important? -- 1.1 What is Happiness? -- 1.2 Why is Happiness Important? -- References -- 2 Happiness Versus Preference -- References -- 3 Some Conceptual Mistakes About Happiness -- 3.1 Why Do We Have Happiness? -- 3.2 Common Mistakes About Happiness -- References -- 4 Happiness or Life Satisfaction? -- References -- 5 Happiness as the Only Intrinsic Value -- 5.1 Happiness as the Only Intrinsic Value -- 5.2 Answering Some Objections -- 5.3 Rejecting Kant's Categorical Imperatives -- 5.4 A Critique of Rawls -- References -- 6 Happiness Measurability and Interpersonal Comparability -- 6.1 Happiness is Cardinally Measurable and Interpersonally Comparable -- 6.2 How Could the Measurement of Happiness be Improved? -- References -- 7 Does Money Buy Happiness? -- References -- 8 Environmentally Responsible Happy Nation Index: A Proposed National Success Indicator -- 8.1 Introduction -- 8.2 Revising the Measurement of Happy Life Years -- 8.3 Towards an International Acceptable National Success Indicator -- 8.4 Estimating the Environmentally Responsible Happy Nation Index -- 8.5 Concluding Remarks -- References -- 9 Age and Happiness -- 9.1 The U-shape Relation of Age and Happiness -- 9.2 The Delay in Sleep/wake Cycles of Teenagers: Ultimate Reason and Implications -- 9.3 Chapter Appendix. Methodology -- References -- 10 Factors Affecting Happiness -- 10.1 Maslow's Hierarchy of Needs -- 10.2 The Four F's of Happiness -- 10.3 Important Factors at the Social Level -- References -- 11 How Do You Increase Your Happiness? -- References -- 12 Stimulating Our Brains and Transforming Our Selves -- 12.1 Stimulating the Pleasure Centers in Our Brains -- 12.2 Genetic Engineering and Our Own Transformation -- References.
|
| 505 |
8 |
|
|a 13 The East-Asian Happiness Gap: Causes and Implications -- 13.1 The East-Asian Happiness Gap -- 13.2 Some Reflections -- 13.2.1 Why Still the Rat-Race for Money? -- 13.2.2 The East Asian Happiness Gap: Its Causes -- 13.3 Some Implications -- References -- 14 Implications for Public Policy -- References -- 15 A Case for Higher Public Spending -- 15.1 Economists Overestimate the Costs of Public Spending -- 15.2 Specific Areas of Deficient Public Spending -- 15.3 Concluding Remarks -- References -- 16 Animal Welfare: Beyond Human Happiness -- References -- Appendix A Resolving Some Moral Philosophical Controversies -- Appendix B Happiness as the Only Intrinsic Value: Further Opposing Arguments Considered -- Appendix C The Necessity of Cardinal Welfare for Rational Agents/Organisms -- Appendix D A Problem in Happiness Measurement -- Appendix E A Solution of the Moral Philosophical Problem of Optimal Population Size -- References.
|
| 588 |
|
|
|a Description based on publisher supplied metadata and other sources.
|
| 590 |
|
|
|a Electronic reproduction. Ann Arbor, Michigan : ProQuest Ebook Central, 2023. Available via World Wide Web. Access may be limited to ProQuest Ebook Central affiliated libraries.
|
| 655 |
|
4 |
|a Electronic books.
|
| 776 |
0 |
8 |
|i Print version:
|a Ng, Yew-Kwang
|t Happiness--Concept, Measurement and Promotion
|d Singapore : Springer Singapore Pte. Limited,c2021
|z 9789813349711
|
| 797 |
2 |
|
|a ProQuest (Firm)
|
| 856 |
4 |
0 |
|u https://ebookcentral.proquest.com/lib/matrademy/detail.action?docID=6827718
|z Click to View
|